[Event "Follosjakken Grand Prix Hurtig #3"]
[Site "Ski, Akershus NOR"]
[Date "2018.09.08"]
[Round "4"]
[White "Solaas, Timian Martinius M"]
[Black "Digernes, Mikael"]
[Result "1-0"]
[WhiteElo "1511"]
[BlackElo "1332"]
[PlyCount "141"]
[EventDate "2018.09.08"]

1. e4 c5 2. Nf3 d6 3. c3 Nf6 4. Bb5+ Bd7 5. Bxd7+ Qxd7 6. d3 Nc6 7. O-O e6 8.
Be3 Be7 9. Re1 O-O 10. Nbd2 d5 11. Qe2 Qc7 12. h3 Bd6 13. Bg5 Nd7 14. d4 Rfe8
15. exd5 exd5 16. Qxe8+ Rxe8 17. Rxe8+ Bf8 18. Nf1 f6 19. Bh4 Kf7 20. Re2 Ne7
21. Bg3 Qc6 22. Rae1 Nf5 23. a3 Qb6 24. Rd1 Qb5 25. Red2 c4 26. Re1 Qc6 27. Bh2
Bd6 28. Ne3 Nxe3 29. Rxe3 Nb6 30. Bxd6 Qxd6 31. Nh4 g6 32. g3 Nd7 33. Ng2 g5
34. h4 h6 35. hxg5 hxg5 36. f4 g4 37. Nh4 Qb6 38. Nf5 Kg6 39. Ne7+ Kf7 40. Nxd5
Qc6 41. Nb4 Qb6 42. Rde2 Nf8 43. Re7+ Kg6 44. Re8 Nd7 45. R2e7 Qc7 46. Rg8+ Kf5
47. Rgg7 Qb6 48. Rxd7 a5 49. Rd5+ Ke6 50. Rgd7 Qa7 51. R5d6+ Kf5 52. Nc2 Kg6
53. Re7 Qb8 54. Ree6 Qf8 55. Rxf6+ Qxf6 56. Rxf6+ Kxf6 57. Ne3 b5 58. Kf2 Ke6
59. Nxg4 Kf5 60. Kf3 Ke6 61. Ke4 Kf7 62. Kf5 Ke7 63. Ke5 Kf7 64. d5 Ke7 65. d6+
Kd7 66. f5 Ke8 67. Ke6 Kd8 68. d7 b4 69. axb4 axb4 70. cxb4 Kc7 71. Ke7 1-0

[Event "Follosjakken Grand Prix Hurtig #3"]
[Site "Ski, Akershus NOR"]
[Date "2018.09.08"]
[Round "4"]
[White "Westrum, Kim Roger Hansen"]
[Black "Steinkellner, Rudolf"]
[Result "1-0"]
[WhiteElo "1519"]
[BlackElo "1513"]
[PlyCount "25"]
[EventDate "2018.09.08"]

1. Nf3 d5 2. e4 dxe4 3. Ng5 Qd5 4. h4 Nf6 5. Nc3 Qa5 6. Bc4 e6 7. Qe2 Bd6 8.
Ngxe4 Nxe4 9. Nxe4 Nc6 10. c3 Ne5 11. b4 Qb6 12. Bb3 c6 13. Nxd6+ 1-0

[Event "Follosjakken Grand Prix Hurtig #3"]
[Site "Ski, Akershus NOR"]
[Date "2018.09.08"]
[Round "5"]
[White "Abdrlauf, Elham"]
[Black "Devereaux, Maxim"]
[Result "0-1"]
[WhiteElo "2103"]
[BlackElo "2292"]
[PlyCount "158"]
[EventDate "2018.09.08"]

1. e4 c6 2. d4 g6 3. Nc3 Bg7 4. Be3 d5 5. exd5 cxd5 6. Nf3 Bg4 7. Be2 Nc6 8. h3
Bxf3 9. Bxf3 e6 10. O-O Nge7 11. Ne2 Nf5 12. Qd2 O-O 13. c3 b5 14. a4 a6 15.
axb5 axb5 16. b3 Qb6 17. c4 Rxa1 18. Rxa1 bxc4 19. bxc4 dxc4 20. Rc1 Ncxd4 21.
Nxd4 Bxd4 22. Bxd4 Qxd4 23. Qxd4 Nxd4 24. Rxc4 Nxf3+ 25. gxf3 Rb8 26. Kg2 Kg7
27. Ra4 Rb5 28. Rc4 Kf6 29. Ra4 h5 30. Rc4 e5 31. f4 Kf5 32. fxe5 Rxe5 33. Ra4
Kf6 34. Rb4 Rg5+ 35. Kh2 Re5 36. Kg3 Ra5 37. Kg2 g5 38. Kh2 Kg6 39. Kg2 Rf5 40.
Ra4 Rf4 41. Ra6+ f6 42. Rb6 Kf5 43. Rb5+ Ke6 44. Rb6+ Kd5 45. Rb5+ Kc4 46. Rb8
h4 47. Rd8 Rd4 48. Rf8 Rd6 49. Ra8 Kd3 50. Ra3+ Ke4 51. Ra4+ Rd4 52. Ra3 f5 53.
Re3+ Kf4 54. Rf3+ Ke5 55. Re3+ Re4 56. Ra3 Rd4 57. Re3+ Kf6 58. Ra3 g4 59. Rb3
Kg5 60. Ra3 Rd2 61. Kg1 Kf4 62. Ra4+ Kf3 63. Ra3+ Ke4 64. Re3+ Kf4 65. hxg4
fxg4 66. Ra3 Re2 67. Rb3 Rd2 68. Ra3 Ke4 69. Re3+ Kf5 70. Ra3 Rd4 71. Rb3 Ke4
72. Re3+ Kf4 73. Ra3 h3 74. Ra1 Rd3 75. Rb1 Kf3 76. Ra1 Ke2 77. Ra4 Rd1+ 78.
Kh2 Kf3 79. Ra1 g3+ 0-1

[Event "Follosjakken Grand Prix Hurtig #3"]
[Site "Ski, Akershus NOR"]
[Date "2018.09.08"]
[Round "5"]
[White "Hobber, Anders"]
[Black "Sahl, Sheila Barth"]
[Result "1-0"]
[WhiteElo "2320"]
[BlackElo "2195"]
[PlyCount "95"]
[EventDate "2018.09.08"]

1. d4 d5 2. Bf4 Nf6 3. e3 c5 4. c3 Qb6 5. Qb3 c4 6. Qc2 Nc6 7. Nd2 g6 8. e4
Nxe4 9. Nxe4 dxe4 10. Bxc4 Bf5 11. Be3 Qc7 12. Ne2 Bg7 13. h3 O-O 14. Ng3 b5
15. Bb3 Rac8 16. Qe2 b4 17. O-O bxc3 18. bxc3 e6 19. Bd2 e5 20. d5 Na5 21. c4
Rb8 22. Rab1 e3 23. Nxf5 exd2 24. Nxg7 Kxg7 25. Qxd2 Nb7 26. Qc3 Nc5 27. Bc2
Kg8 28. Rbe1 Rfe8 29. h4 Rb6 30. Re3 f5 31. Rg3 Kf8 32. h5 Nb7 33. Ba4 Re7 34.
Bc6 Nd8 35. c5 Rxc6 36. dxc6 Qxc6 37. hxg6 hxg6 38. Rd1 Nb7 39. Qa3 Kf7 40. Rh3
Kf6 41. Qg3 Nxc5 42. Qh4+ Ke6 43. Rg3 Rg7 44. Qh8 Kf7 45. Qd8 e4 46. Rd6 Nb7
47. Qf6+ Kg8 48. Rxc6 1-0

[Event "Follosjakken Grand Prix Hurtig #3"]
[Site "Ski, Akershus NOR"]
[Date "2018.09.08"]
[Round "5"]
[White "Westrum, Kim Roger Hansen"]
[Black "Solaas, Timian Martinius M"]
[Result "1-0"]
[WhiteElo "1519"]
[BlackElo "1511"]
[PlyCount "123"]
[EventDate "2018.09.08"]

1. Nf3 d5 2. e4 dxe4 3. Ng5 Nf6 4. Nc3 e6 5. Ngxe4 Be7 6. g3 O-O 7. Bg2 Nc6 8.
d3 Re8 9. Be3 e5 10. Nxf6+ Bxf6 11. Bxc6 bxc6 12. Ne4 Be7 13. Qf3 Qd5 14. Nd2
Qxf3 15. Nxf3 f6 16. Nd2 Be6 17. O-O a5 18. Ne4 Red8 19. Rfd1 Rab8 20. b3 Rb5
21. a4 Rbd5 22. f4 h6 23. fxe5 Rxe5 24. Bf4 Rh5 25. Bxc7 Rd7 26. Bf4 f5 27. Nd2
Bc5+ 28. Kf1 Rxh2 29. Nf3 Rh1+ 30. Kg2 Rxd1 31. Rxd1 Bd5 32. c4 Bxf3+ 33. Kxf3
Re7 34. Rd2 g5 35. Bb8 Re3+ 36. Kg2 Bb4 37. Rd1 Re2+ 38. Kf3 Rb2 39. Rf1 Rxb3
40. Ke3 Bc5+ 41. Ke2 Rxb8 42. Rxf5 Rb2+ 43. Kd1 Bb4 44. Rf6 c5 45. Rxh6 Rd2+
46. Kc1 Rxd3 47. Rg6+ Kf7 48. Rxg5 Rc3+ 49. Kb2 Rxc4 50. Rf5+ Kg6 51. Rf3 Rg4
52. Kb3 Rd4 53. Kc2 Rd2+ 54. Kb3 Rd4 55. Kc2 c4 56. Re3 Rd2+ 57. Kb1 c3 58.
Re6+ Kf5 59. Rc6 Ke4 60. g4 Kd3 61. Rc8 Rb2+ 62. Ka1 1-0

[Event "Follosjakken Grand Prix Hurtig #3"]
[Site "Ski, Akershus NOR"]
[Date "2018.09.08"]
[Round "5"]
[White "Pedersen, Ole Petter"]
[Black "Aadnekvam, Pål"]
[Result "0-1"]
[WhiteElo "1534"]
[BlackElo "1359"]
[PlyCount "85"]
[EventDate "2018.09.08"]

1. d4 e6 2. c4 f5 3. Nc3 Nf6 4. g3 Be7 5. Bg2 O-O 6. Nf3 d6 7. O-O Ne4 8. Qc2
Nxc3 9. bxc3 Bf6 10. e4 e5 11. d5 f4 12. Ne1 Qe8 13. Nd3 fxg3 14. fxg3 Qh5 15.
c5 Bh3 16. cxd6 cxd6 17. Ba3 Be7 18. Bxh3 Qxh3 19. Nxe5 Rxf1+ 20. Rxf1 dxe5 21.
Bxe7 Nd7 22. d6 Qe6 23. Qb3 Nc5 24. Qxe6+ Nxe6 25. Rb1 b6 26. Kf2 Nc5 27. Ke3
Kf7 28. h4 Ke6 29. g4 Re8 30. Rd1 Rb8 31. h5 Rb7 32. g5 Rd7 33. h6 Kf7 34. Rd5
gxh6 35. gxh6 Ke6 36. Rd1 Kf7 37. Rg1 Ne6 38. Kd3 Nf4+ 39. Kc4 Ng6 40. Rf1+ Ke8
41. Kd5 Nxe7+ 42. Ke6 Nd5 43. Kxd5 0-1

[Event "Follosjakken Grand Prix Hurtig #3"]
[Site "Ski, Akershus NOR"]
[Date "2018.09.08"]
[Round "6"]
[White "Devereaux, Maxim"]
[Black "Sousa, Ludy Helsio Paulo"]
[Result "1/2-1/2"]
[WhiteElo "2292"]
[BlackElo "2076"]
[PlyCount "101"]
[EventDate "2018.09.08"]

1. Nf3 Nf6 2. b3 d6 3. d4 g6 4. Bb2 Bg7 5. g3 Nbd7 6. Bg2 O-O 7. O-O c6 8. h3
Qc7 9. Nbd2 Re8 10. Nc4 b5 11. Ne3 a5 12. c4 bxc4 13. Nxc4 Ba6 14. Rc1 a4 15.
Nfd2 Reb8 16. Re1 Bh6 17. e3 Ra7 18. Bc3 axb3 19. axb3 Bb5 20. Ra1 Nd5 21. Ba5
Qb7 22. e4 Nc7 23. Bc3 Rba8 24. Rxa7 Qxa7 25. d5 cxd5 26. exd5 Bxc4 27. bxc4
Bf8 28. Nf3 Qc5 29. Qd4 Qxd4 30. Nxd4 Ra4 31. Bf1 Ne5 32. f4 Nxc4 33. Bg2 Ra3
34. Rc1 Ne3 35. Bb2 Ra2 36. Rxc7 Nxg2 37. Kxg2 Rxb2+ 38. Kf3 h5 39. Nc6 Rd2 40.
f5 Rxd5 41. fxg6 fxg6 42. Nxe7+ Bxe7 43. Rxe7 Kf8 44. Rd7 Rf5+ 45. Ke4 Re5+ 46.
Kf4 Rf5+ 47. Ke4 Re5+ 48. Kf4 Ke8 49. Rg7 Re6 50. Ra7 Re5 51. Rg7 1/2-1/2

[Event "Follosjakken Grand Prix Hurtig #3"]
[Site "Ski, Akershus NOR"]
[Date "2018.09.08"]
[Round "6"]
[White "Gonzales, Francisco"]
[Black "Hobber, Anders"]
[Result "0-1"]
[WhiteElo "2082"]
[BlackElo "2320"]
[PlyCount "73"]
[EventDate "2018.09.08"]

1. d4 e6 2. c4 b6 3. Nc3 Bb7 4. Qc2 f5 5. e3 Nf6 6. f3 Bb4 7. Bd3 O-O 8. Nge2
c5 9. O-O cxd4 10. exd4 Nc6 11. a3 Be7 12. Be3 Rc8 13. b4 Bd6 14. Rad1 Nh5 15.
g3 Qf6 16. c5 Bb8 17. d5 Ne5 18. Bd4 Qh6 19. Bb5 Rfd8 20. Qb3 a6 21. Bd3 Nxd3
22. Rxd3 Qg6 23. f4 b5 24. Re3 Re8 25. d6 Qg4 26. Rf2 h6 27. a4 Bc6 28. axb5
axb5 29. Be5 g5 30. Nd4 Bb7 31. fxg5 Kh7 32. Rxf5 Rf8 33. Rf6 Nxf6 34. Bxf6
hxg5 35. Qc2+ Kh6 36. Be5 Qh3 37. Qd2 0-1

[Event "Follosjakken Grand Prix Hurtig #3"]
[Site "Ski, Akershus NOR"]
[Date "2018.09.08"]
[Round "6"]
[White "Digernes, Mikael"]
[Black "Westrum, Kim Roger Hansen"]
[Result "1/2-1/2"]
[WhiteElo "1332"]
[BlackElo "1519"]
[PlyCount "23"]
[EventDate "2018.09.08"]

1. e4 e6 2. d4 d5 3. exd5 exd5 4. c4 c6 5. Nc3 Nf6 6. Nf3 Be7 7. Bd3 Bg4 8. Be3
Nbd7 9. c5 O-O 10. h3 Bxf3 11. Qxf3 Re8 12. O-O 1/2-1/2

[Event "Follosjakken Grand Prix Hurtig #3"]
[Site "Ski, Akershus NOR"]
[Date "2018.09.08"]
[Round "6"]
[White "Aadnekvam, Pål"]
[Black "Solaas, Timian Martinius M"]
[Result "0-1"]
[WhiteElo "1359"]
[BlackElo "1511"]
[PlyCount "97"]
[EventDate "2018.09.08"]

1. e4 e6 2. d4 d5 3. Nd2 Nf6 4. e5 Nfd7 5. Ngf3 c5 6. c3 Nc6 7. Bd3 Qb6 8. O-O
cxd4 9. cxd4 Nxd4 10. Nxd4 Qxd4 11. Nf3 Qb6 12. Qa4 Be7 13. Qg4 Bf8 14. Rb1 g6
15. Be3 Qb4 16. Qg3 Bg7 17. a3 Qa5 18. Bd2 Qc7 19. Rfe1 O-O 20. h4 b6 21. Rbc1
Qb8 22. b4 Bb7 23. h5 a6 24. hxg6 fxg6 25. Qh3 Re8 26. Ng5 Nf8 27. Qg3 d4 28.
Bf4 Qd8 29. Ne4 Bxe4 30. Bxe4 Ra7 31. Rc6 Rf7 32. Rd6 Rd7 33. Bg5 Qb8 34. Rxd7
Nxd7 35. Bc6 Qc7 36. Rc1 Bxe5 37. Qd3 Qd6 38. Qxa6 d3 39. Bxd7 Qxd7 40. Qxb6
Rf8 41. Qe3 Bd4 42. Qd2 Rxf2 43. Qxf2 Bxf2+ 44. Kxf2 Qd4+ 45. Be3 Qf6+ 46. Ke1
e5 47. Kd2 e4 48. b5 Qd6 49. Rc3 0-1

[Event "Follosjakken GP #4"]
[Site "Ski, Akershus NOR"]
[Date "2018.10.13"]
[Round "1"]
[White "Kristiansen, Rune Harald"]
[Black "Kvisla, Johannes Luangtep"]
[Result "1-0"]
[WhiteElo "1816"]
[BlackElo "2233"]
[PlyCount "47"]
[EventDate "2018.10.13"]

1. d4 Nf6 2. c4 e5 3. dxe5 Ng4 4. e4 Nxe5 5. f4 Ng6 6. Be3 Bb4+ 7. Nd2 Qe7 8.
Bd3 Nc6 9. a3 Bc5 10. Qe2 Bd4 11. O-O-O Bxe3 12. Qxe3 Qf6 13. Ne2 d6 14. e5
dxe5 15. f5 Nge7 16. Ne4 Qh6 17. Qxh6 gxh6 18. Nf6+ Kf8 19. g4 b6 20. Be4 Rb8
21. b4 a6 22. b5 axb5 23. cxb5 Na5 24. Rd8+ 1-0

[Event "Follosjakken GP #4"]
[Site "Ski, Akershus NOR"]
[Date "2018.10.13"]
[Round "1"]
[White "Devereaux, Maxim L"]
[Black "Harstad, Christian"]
[Result "1-0"]
[WhiteElo "2299"]
[BlackElo "1872"]
[PlyCount "39"]
[EventDate "2018.10.13"]

1. Nf3 c5 2. b3 Nf6 3. Bb2 e6 4. e3 Be7 5. Be2 O-O 6. O-O b6 7. d4 cxd4 8. Nxd4
Bb7 9. c4 d5 10. Bf3 e5 11. Nf5 Nbd7 12. cxd5 e4 13. d6 Bxd6 14. Nxd6 exf3 15.
Nxb7 Qc7 16. Qxf3 Rfb8 17. Bxf6 Nxf6 18. Rd1 Rxb7 19. Na3 Rc8 20. Nb5 1-0

[Event "Follosjakken GP #4"]
[Site "Ski, Akershus NOR"]
[Date "2018.10.13"]
[Round "1"]
[White "Solaas, Timian Martinius M"]
[Black "Digernes, Mikael"]
[Result "1-0"]
[WhiteElo "1555"]
[BlackElo "1406"]
[PlyCount "96"]
[EventDate "2018.10.13"]

1. e4 c5 2. Nf3 d6 3. c3 Nf6 4. Bb5+ Bd7 5. Bxd7+ Nbxd7 6. d3 e6 7. O-O Be7 8.
Re1 O-O 9. h3 Qc7 10. Bf4 e5 11. Bh2 a6 12. d4 Qb6 13. dxe5 Nxe5 14. Nxe5 dxe5
15. Qb3 Qxb3 16. axb3 Bd6 17. Na3 b5 18. c4 b4 19. Nc2 Rfd8 20. f4 Re8 21. Rad1
Bc7 22. f5 Rad8 23. Ne3 Rxd1 24. Rxd1 Nxe4 25. Nd5 Bd6 26. f6 g6 27. Ra1 Nd2
28. Rxa6 Rd8 29. Ne7+ Kf8 30. Nc6 Rc8 31. Nxe5 Ne4 32. Nd7+ Ke8 33. Bxd6 Kxd7
34. Bh2 Nd2 35. Rd6+ Ke8 36. Rxd2 Ra8 37. Kf2 Ra6 38. Be5 Re6 39. Rd5 h6 40.
Rxc5 Kd7 41. Rd5+ Kc6 42. Ke3 Kb6 43. Rd6+ Rxd6 44. Bxd6 Kc6 45. c5 h5 46. Kd4
h4 47. g4 g5 48. Kc4 Kb7 1-0

[Event "Follosjakken GP #4"]
[Site "Ski, Akershus NOR"]
[Date "2018.10.13"]
[Round "1"]
[White "Rekdal, Yngve Mæhle"]
[Black "Westrum, Kim Roger Hansen"]
[Result "0-1"]
[WhiteElo "1376"]
[BlackElo "1547"]
[PlyCount "102"]
[EventDate "2018.10.13"]

1. d4 Nf6 2. c4 e6 3. Nc3 Bb4 4. Bg5 h6 5. Bh4 O-O 6. Nf3 b6 7. e4 g5 8. Nxg5
hxg5 9. Bxg5 Be7 10. Bxf6 Bxf6 11. Qg4+ Bg7 12. h4 Qf6 13. h5 Qh6 14. Bd3 d6
15. e5 Nc6 16. f4 Nxd4 17. Ne4 dxe5 18. Nf6+ Qxf6 19. h6 Nf5 20. hxg7 Qxg7 21.
Qxg7+ Kxg7 22. g4 Bb7 23. Rh3 e4 24. gxf5 exd3 25. fxe6 fxe6 26. Rxd3 Rxf4 27.
Ke2 Raf8 28. Rd7+ R8f7 29. Rg1+ Kf6 30. Rd3 e5 31. Ra3 a5 32. c5 Ba6+ 33. Ke3
Ke6 34. Rg6+ R7f6 35. Rg8 Rf3+ 36. Kd2 Rxa3 37. bxa3 bxc5 38. Ra8 Kd5 39. Ra7
Rc6 40. Ke3 c4 41. Kd2 c3+ 42. Kc2 e4 43. Ra8 Kd4 44. Rd8+ Rd6 45. Rc8 Bd3+ 46.
Kc1 c5 47. Ra8 e3 48. Re8 Rh6 49. Rd8+ Kc4 50. Rf8 Rh1+ 51. Rf1 Rxf1# 0-1

[Event "Follosjakken GP #4"]
[Site "Ski, Akershus NOR"]
[Date "2018.10.13"]
[Round "2"]
[White "Rukovci, Shemsi"]
[Black "Devereaux, Maxim L"]
[Result "0-1"]
[WhiteElo "1909"]
[BlackElo "2299"]
[PlyCount "132"]
[EventDate "2018.10.13"]

1. e4 c6 2. d4 g6 3. Be3 Bg7 4. Bd3 d5 5. e5 Nh6 6. Bg5 f6 7. Bxh6 Bxh6 8. exf6
exf6 9. Nd2 O-O 10. Qf3 Qb6 11. Nb3 a5 12. a4 Na6 13. Ne2 Nb4 14. Nc5 Nxd3+ 15.
Nxd3 Bf5 16. O-O Rae8 17. Nc5 Qxb2 18. Ng3 Bc8 19. c3 Qd2 20. Rab1 Rf7 21. Nb3
Qf4 22. Qxf4 Bxf4 23. Nxa5 Bd2 24. Rb3 h5 25. Rd1 Bf4 26. Rdb1 Ree7 27. R3b2 h4
28. Nf1 Bc7 29. Nb3 Bf5 30. Rd1 b6 31. Nbd2 Re8 32. Ne3 Bd7 33. Nf3 g5 34. h3
Ra8 35. Ra2 Ra6 36. Rda1 Kg7 37. Rb2 Rf8 38. Nc2 Rfa8 39. Rba2 b5 40. Re1 Kf7
41. Nb4 Rxa4 42. Rae2 Bd6 43. Nd3 Ra1 44. Nc5 Bf5 45. Nb7 Rxe1+ 46. Rxe1 Be7
47. Kh2 Ra2 48. Kg1 Rc2 49. Re3 Bc8 50. Na5 Bd6 51. Nxc6 Bf4 52. Re7+ Kf8 53.
Re1 Rxc3 54. Ne7 Bb7 55. Nf5 Rc1 56. Kf1 b4 57. Rxc1 Bxc1 58. Ne3 b3 59. Nd1 b2
60. Nc3 Ba6+ 61. Ke1 Bd3 62. Nd2 Bxd2+ 63. Kxd2 b1=Q 64. Nxb1 Bxb1 65. Kc3 Ke7
66. Kb4 Kf8 0-1

[Event "Follosjakken GP #4"]
[Site "Ski, Akershus NOR"]
[Date "2018.10.13"]
[Round "2"]
[White "Rekkedal, Fredrik"]
[Black "Sahl, Sheila Barth"]
[Result "0-1"]
[WhiteElo "1773"]
[BlackElo "2164"]
[PlyCount "60"]
[EventDate "2018.10.13"]

1. d4 d5 2. c4 c6 3. cxd5 cxd5 4. Nc3 Nf6 5. f3 Nc6 6. e4 e6 7. e5 Nd7 8. f4 a6
9. Be3 b5 10. Bd3 Nb6 11. Nf3 Nc4 12. Bc1 Qb6 13. O-O Nxd4 14. Kh1 Nc6 15. f5
Ne3 16. Bxe3 Qxe3 17. fxe6 Bxe6 18. Nxb5 Rc8 19. Nbd4 Nxd4 20. Nxd4 Bd7 21. e6
fxe6 22. Re1 Qh6 23. Nxe6 Be7 24. Bxa6 Rc6 25. Qxd5 Rxe6 26. Qa8+ Bd8 27. Rad1
O-O 28. Bc4 Bc7 29. Bxe6+ Bxe6 30. Qxf8+ Kxf8 0-1

[Event "Follosjakken GP #4"]
[Site "Ski, Akershus NOR"]
[Date "2018.10.13"]
[Round "2"]
[White "Beitnes, Andreas Røberg"]
[Black "Solaas, Timian Martinius M"]
[Result "1-0"]
[WhiteElo "1464"]
[BlackElo "1555"]
[PlyCount "79"]
[EventDate "2018.10.13"]

1. e4 e6 2. d4 d5 3. Nd2 Nf6 4. e5 Nfd7 5. f4 c5 6. c3 Nc6 7. Ndf3 cxd4 8. cxd4
Bb4+ 9. Kf2 O-O 10. g3 f5 11. Bd3 Be7 12. Ne2 b6 13. Rg1 Bb7 14. Kg2 Qe8 15.
Kh1 Qh5 16. Qf1 Nb4 17. Bb1 Rac8 18. Nc3 Ba6 19. Qg2 Nd3 20. Bc2 Bb4 21. Ba4
Nb8 22. Nb5 Bxb5 23. Bxb5 Nxc1 24. Raxc1 a6 25. Be2 Qe8 26. g4 fxg4 27. Rxc8
Qxc8 28. Qxg4 Qd7 29. Ng5 Re8 30. Qh5 h6 31. Nf3 Qf7 32. Qxh6 Bf8 33. Qh4 Be7
34. Ng5 Bxg5 35. Qxg5 Rc8 36. Bh5 Qf8 37. Bg6 Nd7 38. Qh5 Nf6 39. exf6 Qxf6 40.
Qh7+ 1-0

[Event "Follosjakken GP #4"]
[Site "Ski, Akershus NOR"]
[Date "2018.10.13"]
[Round "2"]
[White "Westrum, Kim Roger Hansen"]
[Black "Brattgjerd, Isak Vinh"]
[Result "1-0"]
[WhiteElo "1547"]
[BlackElo "1464"]
[PlyCount "69"]
[EventDate "2018.10.13"]

1. Nf3 c5 2. e4 e6 3. d4 cxd4 4. Nxd4 Nc6 5. Nc3 Bc5 6. Be3 Bb6 7. Bb5 Nf6 8.
f3 O-O 9. Qd2 a6 10. Ba4 Ne5 11. Qf2 Ba5 12. Nde2 d5 13. Bc5 dxe4 14. Bxf8 Qxf8
15. O-O-O exf3 16. gxf3 b5 17. Bb3 Bb7 18. Rhg1 Nxf3 19. Rg3 Ne5 20. Qxf6 Ng6
21. Qg5 Bc7 22. Rgg1 h6 23. Qh5 Kh7 24. Bxe6 Ne5 25. Bxf7 Qxf7 26. Qxf7 Nxf7
27. Rd7 Bxh2 28. Rf1 Nd6 29. Nf4 Rf8 30. Rxg7+ Kxg7 31. Ne6+ Kg6 32. Nxf8+ Kh5
33. Ne6 Kg4 34. Nc5 Bg2 35. Rf6 1-0

[Event "Follosjakken GP #4"]
[Site "Ski, Akershus NOR"]
[Date "2018.10.13"]
[Round "3"]
[White "Devereaux, Maxim L"]
[Black "Sjøberg, Isak"]
[Result "1-0"]
[WhiteElo "2299"]
[BlackElo "1990"]
[PlyCount "95"]
[EventDate "2018.10.13"]

1. Nf3 Nf6 2. b3 g6 3. Bb2 Bg7 4. c4 O-O 5. g3 d6 6. Bg2 e5 7. O-O Nc6 8. Nc3
Nh5 9. Ne1 f5 10. Nd5 Be6 11. Nc2 Ne7 12. Nxe7+ Qxe7 13. Bxb7 Rab8 14. Bg2 Bxc4
15. Ne3 Be6 16. Nd5 Qf7 17. Nc3 d5 18. Rc1 e4 19. Ba3 f4 20. Bxf8 Rxf8 21. Nb5
Be5 22. d4 Bd6 23. Nxd6 cxd6 24. Rc3 Qd7 25. Qc2 Bf5 26. Rc7 Qe6 27. Qc3 Bh3
28. Re7 Qxe7 29. Bxh3 Qg5 30. e3 fxg3 31. fxg3 Rxf1+ 32. Kxf1 Qf6+ 33. Kg1 Qf3
34. Qe1 Ng7 35. b4 g5 36. Bg2 Qf7 37. b5 g4 38. a4 Ne6 39. a5 Qc7 40. Qd1 h5
41. Qb3 Qc4 42. Qxc4 dxc4 43. b6 axb6 44. axb6 Nd8 45. Bxe4 c3 46. Kf2 Kg7 47.
Ke2 d5 48. Bxd5 1-0

[Event "Follosjakken GP #4"]
[Site "Ski, Akershus NOR"]
[Date "2018.10.13"]
[Round "3"]
[White "Sahl, Sheila Barth"]
[Black "Kristiansen, Rune Harald"]
[Result "0-1"]
[WhiteElo "2164"]
[BlackElo "1816"]
[PlyCount "152"]
[EventDate "2018.10.13"]

1. f4 d5 2. Nf3 e6 3. e3 f5 4. b3 Nf6 5. Bb2 Bc5 6. Be2 c6 7. O-O O-O 8. Qe1
Nbd7 9. c4 Qe7 10. Nc3 Ne4 11. Bd1 Ba3 12. Bxa3 Qxa3 13. d3 Nxc3 14. Qxc3 Qe7
15. b4 Qf6 16. Ne5 Nxe5 17. fxe5 Qg5 18. Qd4 Bd7 19. Bb3 Qe7 20. a3 b6 21. c5
Rab8 22. Rab1 g6 23. Rfc1 Qg5 24. g3 h5 25. a4 h4 26. Kf2 hxg3+ 27. hxg3 Kf7
28. cxb6 axb6 29. Qh4 Qxh4 30. gxh4 Rfc8 31. Bd1 Kg7 32. Bf3 Ra8 33. Ra1 Ra7
34. Rg1 Kh6 35. Rg3 Be8 36. Bd1 c5 37. bxc5 bxc5 38. Rh3 Rb8 39. Rc1 Rb2+ 40.
Kf3 Bxa4 41. Bxa4 Rxa4 42. Rxc5 Raa2 43. Rh1 Rf2+ 44. Kg3 Rg2+ 45. Kh3 Rge2 46.
Rg1 Rxe3+ 47. Rg3 Rxg3+ 48. Kxg3 Ra3 49. Rc6 Rxd3+ 50. Kg2 Re3 51. Rxe6 d4 52.
Rd6 Rxe5 53. Rxd4 Re4 54. Rd6 Rxh4 55. Kg3 Rg4+ 56. Kf3 Kg5 57. Ra6 Rb4 58. Ra3
Rh4 59. Ra6 Rh3+ 60. Kg2 Rb3 61. Rc6 Kh5 62. Ra6 g5 63. Ra2 f4 64. Rc2 Kg4 65.
Ra2 Rg3+ 66. Kh2 Rh3+ 67. Kg1 f3 68. Rb2 Kg3 69. Rg2+ Kf4 70. Ra2 Rh7 71. Rb2
g4 72. Rc2 Re7 73. Kf1 g3 74. Rc4+ Re4 75. Rc8 g2+ 76. Kf2 Re2+ 0-1

[Event "Follosjakken GP #4"]
[Site "Ski, Akershus NOR"]
[Date "2018.10.13"]
[Round "3"]
[White "Beitnes, Andreas Røberg"]
[Black "Westrum, Kim Roger Hansen"]
[Result "1/2-1/2"]
[WhiteElo "1464"]
[BlackElo "1547"]
[PlyCount "57"]
[EventDate "2018.10.13"]

1. e4 c6 2. d4 d5 3. Nc3 dxe4 4. Nxe4 Bf5 5. Ng3 Bg6 6. Bc4 e6 7. N1e2 Bd6 8.
O-O Ne7 9. f4 Qc7 10. Qe1 c5 11. b3 a6 12. Qd1 b5 13. Bd3 Bxd3 14. Qxd3 Nbc6
15. dxc5 Bxc5+ 16. Kh1 Rd8 17. Qc3 Nd4 18. Nxd4 Rxd4 19. Be3 Nd5 20. Qe1 Nxe3
21. Qxe3 O-O 22. Qe2 Rfd8 23. f5 Qc6 24. fxe6 fxe6 25. Rad1 Rxd1 26. Rxd1 Rxd1+
27. Qxd1 Qd5 28. Qxd5 exd5 29. h3 1/2-1/2

[Event "Follosjakken GP #4"]
[Site "Ski, Akershus NOR"]
[Date "2018.10.13"]
[Round "3"]
[White "Mella, Aage"]
[Black "Løvåsen, Viktor Nygaard"]
[Result "0-1"]
[WhiteElo "1482"]
[BlackElo "1429"]
[PlyCount "108"]
[EventDate "2018.10.13"]

1. c4 e5 2. e3 Nf6 3. a3 d5 4. cxd5 Nxd5 5. Nf3 Nc6 6. d3 Bg4 7. Be2 Bd6 8.
Nbd2 O-O 9. O-O Bxf3 10. Nxf3 Re8 11. Qc2 Nf6 12. b4 a6 13. Bb2 Qd7 14. Rfd1
Re7 15. Rac1 Rae8 16. d4 exd4 17. Nxd4 Nxd4 18. Bxd4 Qc8 19. h3 Nd7 20. Bg4 Qd8
21. f4 Nf6 22. Bf3 Ne4 23. Qb2 f6 24. Bc5 Qb8 25. Bd4 c6 26. Bb6 Bc7 27. Bc5
Nxc5 28. bxc5 Rxe3 29. Qd4 Bxf4 30. Qc4+ Kh8 31. Bh5 g6 32. Bg4 f5 33. Bf3 Rxf3
34. gxf3 Bxc1 35. Qxc1 Qg3+ 36. Kh1 Qxf3+ 37. Kg1 Qg3+ 38. Kh1 Qxh3+ 39. Kg1
Qe3+ 40. Qxe3 Rxe3 41. Rd8+ Kg7 42. Rd7+ Kh6 43. Rxb7 Rxa3 44. Rb6 Rc3 45. Rxc6
a5 46. Kf2 a4 47. Ra6 Rxc5 48. Rxa4 Kg5 49. Ra8 h5 50. Kg2 Kg4 51. Ra4+ f4 52.
Ra6 g5 53. Rf6 Rc2+ 54. Kf1 Kf3 0-1

[Event "Follosjakken GP #4"]
[Site "Ski, Akershus NOR"]
[Date "2018.10.13"]
[Round "4"]
[White "Kristiansen, Rune Harald"]
[Black "Devereaux, Maxim L"]
[Result "0-1"]
[WhiteElo "1816"]
[BlackElo "2299"]
[PlyCount "74"]
[EventDate "2018.10.13"]

1. d4 Nf6 2. c4 e6 3. g4 d5 4. Nc3 Bb4 5. Bg5 c5 6. e3 Nc6 7. Nf3 Bxc3+ 8. bxc3
Qa5 9. Bxf6 gxf6 10. Qc2 dxc4 11. Nd2 b5 12. Bg2 Bb7 13. Ne4 O-O-O 14. Nxc5 Ba8
15. O-O h5 16. a4 hxg4 17. Ne4 Qc7 18. Ng3 b4 19. cxb4 Nxb4 20. Qc3 Bxg2 21.
Kxg2 Nd5 22. Qd2 f5 23. Rfc1 Rd6 24. Rxc4 Qxc4 25. Rc1 Qxc1 26. Qxc1+ Kd7 27.
Qc4 Rc8 28. Qb5+ Ke7 29. Qb7+ Rc7 30. Qb2 Rb6 31. Qa3+ Rb4 32. Nxf5+ exf5 33.
Qa2 Rbc4 34. Kg3 a5 35. Qb1 Kf6 36. e4 Rc3+ 37. Kg2 Nf4+ 0-1

[Event "Follosjakken GP #4"]
[Site "Ski, Akershus NOR"]
[Date "2018.10.13"]
[Round "4"]
[White "Kvisla, Johannes Luangtep"]
[Black "Grøver, Sigurd Loe"]
[Result "1-0"]
[WhiteElo "2233"]
[BlackElo "1798"]
[PlyCount "59"]
[EventDate "2018.10.13"]

1. d4 d5 2. Bf4 Nf6 3. e3 e6 4. Nd2 Bd6 5. Bg3 O-O 6. Ngf3 c5 7. c3 b6 8. Bd3
Nc6 9. e4 Be7 10. e5 Nh5 11. Ng5 g6 12. Nxh7 Kxh7 13. Qxh5+ Kg7 14. Qg4 cxd4
15. h4 Rh8 16. h5 dxc3 17. bxc3 Kf8 18. Ke2 g5 19. f4 d4 20. c4 Nb4 21. fxg5
Nxd3 22. Kxd3 Bxg5 23. Ne4 Rg8 24. Raf1 Be7 25. Qf3 Qe8 26. h6 Bb7 27. h7 Rh8
28. Qh5 Bxe4+ 29. Kxe4 f5+ 30. exf6 1-0

[Event "Follosjakken GP #4"]
[Site "Ski, Akershus NOR"]
[Date "2018.10.13"]
[Round "4"]
[White "Løvåsen, Viktor Nygaard"]
[Black "Beitnes, Andreas Røberg"]
[Result "1-0"]
[WhiteElo "1429"]
[BlackElo "1464"]
[PlyCount "89"]
[EventDate "2018.10.13"]

1. d4 Nf6 2. Nf3 c5 3. e3 cxd4 4. exd4 e6 5. Bd3 Nc6 6. O-O d5 7. c3 Bd6 8. Bg5
h6 9. Bh4 O-O 10. Re1 Re8 11. Ne5 Qb6 12. Qc2 Nd7 13. Bh7+ Kf8 14. Nxd7+ Bxd7
15. Bd3 f5 16. f3 g5 17. Bf2 Qc7 18. h3 Bg3 19. Bxg3 Qxg3 20. Qf2 Qxf2+ 21.
Kxf2 e5 22. dxe5 Nxe5 23. Bc2 Nc4 24. Rxe8+ Rxe8 25. b3 Ne3 26. Bd3 f4 27. Nd2
Rc8 28. c4 dxc4 29. Nxc4 Nxc4 30. Bxc4 a6 31. Rd1 Bc6 32. Rd6 Kg7 33. Bd5 Bxd5
34. Rxd5 Rc2+ 35. Kg1 Rxa2 36. Rd7+ Kg6 37. Rxb7 a5 38. Ra7 Kh5 39. b4 a4 40.
b5 Kh4 41. Kh2 a3 42. b6 Rb2 43. Rxa3 Rxb6 44. Ra4 h5 45. g3# 1-0